00749 2200217 4500001002100000005001500021008004100036020001800077035001900095041000800114082001200122084001800134100002800152245003300180260002500213300001000238500008700248520013200335650003600467650002800503INLIS00000000000830020200508204329200508||||||||| | ||| |||| ||eng|| a9781604267020 0010-0520008300 aeng0 a324.973 a324.973/STU/S0 aBruce J. Schulman (ed.)00aStudent's Guide to Elections aWashington, DCc2008 a394p. ae-book aA reference tool for young researchers seeking information on voting, the electoral process, and the history of U.S. elections. 0aElections-United States-History 0aElections-United States